[Event "CZE-tht Extraliga 2018-19"]
[Site "Czech Republic"]
[Date "2018.12.02"]
[Round "4"]
[White "Zhigalko, Andrey"]
[Black "Alekseenko, Kirill"]
[Result "0-1"]
[WhiteElo "2545"]
[BlackElo "2638"]
[Annotator "TA"]
[PlyCount "88"]
[EventDate "2018.11.03"]
[EventType "team-tourn"]
[EventCountry "CZE"]
[SourceTitle "playchess.com"]
[Source "ChessBase"]
[SourceQuality "1"]
[WhiteTeam "Beskydska"]
[BlackTeam "Pardubice"]

{[%evp 19,88,18,43,31,29,35,64,25,33,25,34,13,23,0,0,0,-7,-30,-25,-16,-14,-33,-31,-10,-14,-21,-10,-15,-10,-47,-59,-50,-50,-104,-101,-99,-115,-126,-112,-122,-132,-137,-110,-119,-63,-60,-38,-60,-57,-218,-213,-190,-210,-401,-422,-417,-411,-405,-395,-476,-469,-458,-210,-252,-280,-497,-497,-485,-487,-476,-459]} 1. e4 e5 2. Nf3 Nc6 3. Bb5 a6 4. Ba4 d6 5. c3 Bd7 6. d4 g6 7. Bg5 f6 8. Be3 Nh6 9. O-O Bg7 10. dxe5 dxe5 {LiveBook: 29 Games} 11. c4 {C76: Ruy Lopez: Deferred Steinitz: 5 c3 Bd7 6 d4 g6} (11. Bc5 Bf8 12. Bxf8 Kxf8 13. Qd2 Nf7 14. Rd1 Be8 15. Qxd8 Ncxd8 16. Bxe8 Kxe8 17. Nbd2 Nd6 18. Ne1 a5 {½-½ (29) Harikrishna,P (2744)-Mamedyarov,S (2799) Riadh 2017}) 11... Nf7 $146 ({Predecessor:} 11... O-O 12. Nc3 Bg4 13. Qd5+ Kh8 14. Ne1 Nd4 15. f3 Be6 16. Qxb7 Bxc4 17. Rf2 Rb8 18. Qa7 Qd6 19. Rd1 f5 20. b3 Ra8 21. Qb7 Rab8 22. Qa7 Ra8 23. Qb7 Rab8 {½-½ (23) Baron,T (2455)-Mammadov,A (2358) Porto Carras 2010}) 12. Nc3 O-O 13. b4 {[%cal Bb2b4,Bb4b5][%mdl 32] White is slightly better.} f5 14. b5 Na5 15. Bc5 {Threatening bxa6.} Re8 16. bxa6 Bxa4 17. Qxa4 {Black must now prevent Nd5.} Rxa6 18. Rfd1 Qc8 19. Rab1 Nc6 20. Qb3 b6 21. Be3 f4 22. Bc1 Na5 $36 {[%mdl 2048] White is under pressure.} 23. Qa4 c6 24. Ba3 (24. c5 $5) 24... Qe6 25. Bb4 Qxc4 26. Bxa5 ({White should play} 26. Qc2 $15) 26... Qxa4 $17 27. Nxa4 b5 $1 28. Nb6 Rxa5 29. Rbc1 Re6 30. Rd7 Bf6 31. Rc2 Bd8 ({Better is} 31... Ra6 $17 32. Rb7 Nd8) 32. Rb7 $1 $15 Kf8 33. h4 Ke8 34. Ng5 $2 (34. Nc8 $1 $15) 34... Nxg5 $19 (34... Bxg5 35. hxg5 Nxg5 36. f3 $17) 35. hxg5 Rd6 $1 ({Don't do} 35... Bxg5 36. Rxh7 Be7 37. f3 $17) 36. Kh2 $2 {[#]} (36. Rc5 {was worth a try.} Bxb6 37. Rxb6) 36... Ra6 $1 37. Nc8 Rd7 38. Rb8 Kf7 39. Rc5 Ke6 40. Rc2 Bxg5 (40... Bc7 $142 41. Rb7 Ba5) 41. Nb6 Rd6 42. a4 $2 (42. Nc8 {only move.} Rd8 {[#]} 43. a4 $1 {[%mdl 512]}) 42... bxa4 {Black is clearly winning.} 43. Nc4 Rd8 44. Rb6 Rda8 {Accuracy: White = 36%, Black = 74%.} (44... Rxb6 $2 45. Nxb6 Kd6 46. Nxa4 $19) 0-1

[Event "CZE-tht Extraliga 2018-19"]
[Site "Czech Republic"]
[Date "2018.12.02"]
[Round "4"]
[White "Zhigalko, Andrey"]
[Black "Alekseenko, Kirill"]
[Result "*"]
[WhiteElo "2545"]
[BlackElo "2638"]
[Annotator "TA"]
[PlyCount "28"]
[EventDate "2018.11.03"]
[EventType "team-tourn"]
[EventCountry "CZE"]
[SourceTitle "playchess.com"]
[Source "ChessBase"]
[SourceQuality "1"]
[WhiteTeam "Beskydska"]
[BlackTeam "Pardubice"]

{[%evp 12,13,41,42]} 1. e4 e5 2. Nf3 Nc6 3. Bb5 a6 4. Ba4 d6 5. c3 Bd7 6. d4 g6 7. Bg5 {LiveBook: 105 Games. C76: Ruy Lopez: Deferred Steinitz: 5 c3 Bd7 6 d4 g6} {Predecessor:} f6 $146 8. Be3 Qe7 9. O-O Bh6 10. c4 exd4 11. Bxh6 Nxh6 12. Nxd4 Nxd4 13. Bxd7+ Kxd7 14. Qxd4 Qe5 {1-0 (53) Adams,M (2706)-McShane,L (2669) Hull 2018} *

[Event "CZE-tht Extraliga 2018-19"]
[Site "Czech Republic"]
[Date "2018.12.02"]
[Round "4"]
[White "Zilka, Stepan"]
[Black "Suran, Jan"]
[Result "1/2-1/2"]
[WhiteElo "2528"]
[BlackElo "2409"]
[Annotator "TA"]
[PlyCount "76"]
[EventDate "2018.11.03"]
[EventType "team-tourn"]
[EventCountry "CZE"]
[SourceTitle "playchess.com"]
[Source "ChessBase"]
[SourceQuality "1"]
[WhiteTeam "Novoborsky"]
[BlackTeam "Lysa nad Labem"]

{[%evp 30,76,37,40,52,52,50,41,38,45,32,31,37,38,43,34,38,12,15,9,52,23,54,54,60,43,47,42,63,43,33,29,43,20,40,0,0,0,0,0,0,0,0,0,0,0,0,0,0]} 1. e4 c5 2. Nf3 Nc6 3. d4 cxd4 4. Nxd4 g6 5. c4 Nf6 6. Nc3 d6 7. Be2 Nxd4 8. Qxd4 Bg7 9. Bg5 O-O 10. Qd2 Be6 11. f3 Qa5 12. Rc1 Rfc8 13. b3 a6 14. Na4 Qxd2+ 15. Kxd2 Nd7 16. g4 {LiveBook: 63 Games} Re8 {B36: Sicilian: Maroczy Bind: Gurgenidze System} (16... Kf8 17. Nc3 b5 18. Nd5 Bxd5 19. cxd5 Nc5 20. Be3 b4 21. Bxc5 Bc3+ 22. Kd3 Rxc5 23. f4 Rac8 24. Rc2 {0-1 (71) Vuckovic,B (2584)-Guseinov,G (2629) Novi Sad 2016}) 17. Be3 f5 18. gxf5 $146 ({Predecessor:} 18. exf5 gxf5 19. h3 Rf8 20. f4 Rad8 21. Rhg1 {½-½ (54) Das,S (2216)-Duong,T (2425) Kuala Lumpur 2010}) 18... gxf5 {White is slightly better.} 19. Rhg1 Kh8 20. Nc3 Nf6 21. Nd5 {Strongly threatening Nc7.} Rac8 22. Bd3 fxe4 23. Nxf6 Bxf6 24. Bxe4 Rb8 25. Bg5 Bxg5+ 26. Rxg5 Rg8 27. h4 (27. f4 {is more complex.} Rxg5 28. fxg5 Kg7 29. Re1 Bf7 30. a4) 27... b6 28. Re1 {Black must now prevent Bd3.} Bf7 29. Bd5 Bxd5 30. cxd5 $14 {[%mdl 4096] Endgame KRR-KRR} Rbe8 31. Re4 Rg6 32. Rxg6 hxg6 {KR-KR. The position is equal.} 33. Ke3 Kg7 34. Kd4 Kf6 35. Rf4+ Kg7 36. Re4 Kf6 37. Rf4+ Kg7 38. Re4 Kf6 {Accuracy: White = 57%, Black = 62%.} 1/2-1/2

[Event "CZE-tht Extraliga 2018-19"]
[Site "Czech Republic"]
[Date "2018.12.02"]
[Round "4"]
[White "Cvek, Robert"]
[Black "Stohl, Igor"]
[Result "1/2-1/2"]
[WhiteElo "2520"]
[BlackElo "2488"]
[Annotator "TA"]
[PlyCount "53"]
[EventDate "2018.11.03"]
[EventType "team-tourn"]
[EventCountry "CZE"]
[SourceTitle "playchess.com"]
[Source "ChessBase"]
[SourceQuality "1"]
[WhiteTeam "Poruba"]
[BlackTeam "Brno"]

{[%evp 25,53,37,31,29,25,27,35,24,20,0,0,-37,0,0,0,-10,15,0,0,0,0,0,0,0,0,0,0,-7,-2,-2]} 1. Nf3 Nf6 2. c4 b6 3. g3 c5 4. Bg2 Bb7 5. O-O g6 6. b3 Bg7 7. Bb2 O-O 8. d4 cxd4 9. Qxd4 d6 10. Nc3 Ne4 {A30: Symmetrical English: Double Fianchetto and Hedgehog} (10... Nbd7 11. Rac1 Rc8 12. Rfd1 Rc5 13. Ne1 Bxg2 14. Nxg2 Re8 15. Nd5 b5 16. Nge3 bxc4 17. Rxc4 Qb8 18. Rxc5 Nxc5 19. Nxf6+ Bxf6 20. Qd2 Bxb2 21. Qxb2 {1-0 (48) Bu,X (2725)-Dubov,D (2696) Liaocheng 2018}) 11. Qe3 Nxc3 12. Bxc3 Bxc3 13. Qxc3 Nd7 {LiveBook: 14 Games} 14. Qe3 Nf6 15. Rfd1 Qc7 16. Rd4 Kg7 17. Rh4 {[#] Qh6+ is the strong threat.} h5 18. h3 $146 ({Predecessor:} 18. Rd4) 18... Rfe8 19. Rd4 {The position is equal.} Rad8 20. Rdd1 Qc5 21. Qd4 Qxd4 22. Nxd4 Bxg2 23. Kxg2 a6 {[%cal Ba7a6,Ba6a5][%mdl 32]} 24. Nc6 Rc8 25. Nb4 a5 26. Nd5 Nxd5 27. Rxd5 {Accuracy: White = 32%, Black = 71%.} 1/2-1/2

[Event "CZE-tht Extraliga 2018-19"]
[Site "Czech Republic"]
[Date "2018.12.02"]
[Round "4"]
[White "Ftacnik, Lubomir"]
[Black "Molenda, Marcin"]
[Result "0-1"]
[WhiteElo "2512"]
[BlackElo "2383"]
[Annotator "TA"]
[PlyCount "94"]
[EventDate "2018.11.03"]
[EventType "team-tourn"]
[EventCountry "CZE"]
[SourceTitle "playchess.com"]
[Source "ChessBase"]
[SourceQuality "1"]
[WhiteTeam "Turnov"]
[BlackTeam "Cesky Tesin"]

{[%evp 23,94,31,50,39,44,39,37,28,12,0,0,0,0,-57,-61,-180,-156,-149,-89,-164,-106,-125,-135,-164,-147,-213,-208,-222,-208,-248,-227,-255,-222,-233,-116,-131,-76,-252,-260,-227,-228,-587,-583,-571,-572,-543,-525,-538,-512,-919,-919,-1427,-1425,-1371,-722,-718,-718,-660,-664,-844,-885,-840,-843,-1219,-1221,-29982,-29983,-5331,-1329,-4910,-1322,-1029,-1025]} 1. Nf3 Nf6 2. c4 g6 3. Nc3 Bg7 4. e4 d6 5. d4 O-O 6. Be2 Na6 7. O-O e5 8. Re1 Qe8 9. Bf1 Bg4 10. d5 Nb4 11. Be2 a5 12. Be3 b6 {LiveBook: 13 Games. E94: King's Indian: Classical: 6 Be2 e5 7 0-0: Various Black 7th moves} 13. b3 Na6 14. Rb1 Nh5 $146 {White is slightly better.} ({Predecessor:} 14... Nc5 15. h3 Bxf3 16. Bxf3 Nfd7 17. a3 f5 18. b4 axb4 19. axb4 Nxe4 20. Bxe4 fxe4 21. Nxe4 {1-0 (39) Zhigalko,A (2585)-Samani,Y (1959) Malatya 2015}) 15. g3 f5 16. a3 f4 17. Bd2 Bh6 18. Rb2 (18. Nh4 $11 fxg3 19. hxg3 Bxd2 20. Qxd2 Bxe2 21. Rxe2) 18... Nc5 $15 19. Bc1 ({White should try} 19. Nh4 $15 fxg3 20. fxg3 Bxe2 21. Rxe2 Bxd2 22. Rbxd2) 19... a4 $19 20. bxa4 Nxa4 (20... Rf7 $142 21. Rb1 Qe7) 21. Rc2 (21. Nxa4 $17 Rxa4 22. Rb3) 21... Nf6 (21... Nc5 $19 22. Nb5 Qe7) 22. Nd2 Bd7 23. Ndb1 Nc5 {[%cal Ba4c5,Bc5b3,Bb3d4][%mdl 32]} 24. f3 (24. Bf3 $17 {was worth a try.}) 24... Nb3 25. g4 Nd4 26. Rb2 Bg5 27. Rf1 Bh4 28. Nb5 Bxb5 (28... Nxb5 $19 29. cxb5 h5) 29. cxb5 $17 Qd7 (29... Nd7 $142 30. a4 Nc5) 30. Rb4 $2 (30. Bd3 $17) 30... Nxe2+ $19 31. Qxe2 {[#]} Nxg4 $1 {[%mdl 512]} 32. fxg4 $2 {[#]} (32. a4 {is a better chance.}) 32... f3 $1 {[%mdl 512]} 33. Qc2 (33. Rxf3 Qxg4+) 33... Qxg4+ 34. Kh1 Qh3 {[%cal Rh3f1]} 35. Rf2 g5 36. Rb2 (36. Bxg5 $142 Bxg5 37. Qd3) 36... g4 {White must now prevent ...g3.} 37. Kg1 g3 38. hxg3 Qxg3+ 39. Rg2 fxg2 40. Qxg2 Rf3 {[%cal Bf8f3,Bf3g3,Bg3g6][%mdl 32]} 41. Rc2 Raf8 {[%csl Gf8][%cal Rf3f1]} 42. Qxg3+ Rxg3+ 43. Kh2 Rg6 44. Rxc7 Rf2+ 45. Kh1 Rf1+ {Black is clearly winning.} 46. Kh2 Bg3+ (46... Bf2 $142 47. Nd2 Bg1+ 48. Kh1 Rd1 49. Rc8+ Kg7) 47. Kg2 {[#]} Rxc1 $1 {[%mdl 576] Remove Defender. Accuracy: White = 39%, Black = 71%.} 0-1

[Event "CZE-tht Extraliga 2018-19"]
[Site "Czech Republic"]
[Date "2018.12.02"]
[Round "4"]
[White "Polak, Tomas"]
[Black "Kanovsky, David"]
[Result "1/2-1/2"]
[WhiteElo "2508"]
[BlackElo "2425"]
[Annotator "TA"]
[PlyCount "172"]
[EventDate "2018.11.03"]
[EventType "team-tourn"]
[EventCountry "CZE"]
[SourceTitle "playchess.com"]
[Source "ChessBase"]
[SourceQuality "1"]
[WhiteTeam "Brno"]
[BlackTeam "Poruba"]

{[%evp 25,172,32,24,33,39,0,4,6,21,16,24,0,0,0,-5,-93,0,0,15,5,21,6,113,84,155,143,125,73,157,143,226,212,230,223,204,0,0,0,0,0,0,0,0,0,25,27,26,25,26,0,0,0,29,29,29,30,61,56,56,56,56,56,56,58,62,62,59,62,81,59,59,55,56,56,410,59,114,56,56,56,56,56,65,55,132,128,142,187,435,238,1045,864,1065,1057,592,652,603,588,29958,29958,29975,29976,29976,29975,29975,29972,29976,29975,29972,0,0,0,0,0,0,0,0,0,0,0,0,0,0,0,0,0,0,0,0,0,0,0,0,0,0,0,0,0,0,0,0,71,131,131,131,140,185,208,29990]} 1. d4 Nf6 2. c4 c5 3. d5 e6 4. Nc3 exd5 5. cxd5 d6 6. e4 g6 7. h3 Bg7 8. Nf3 O-O 9. Bg5 h6 10. Be3 Re8 11. Bd3 c4 {A65: Modern Benoni: 6 e4} (11... Bd7 12. a4 c4 13. Bc2 Na6 14. O-O Nb4 15. Bb1 a6 16. a5 Rc8 17. Re1 Nh5 18. Qd2 Kh7 19. g4 {1-0 (40) Polak,T (2519)-Kanovsky,D (2455) Czech Republic 2016}) 12. Bc2 b5 13. a3 a5 {LiveBook: 6 Games. White is slightly better.} (13... Bd7 14. O-O Na6 15. Qd2 Kh7 16. Rfe1 Qb8 17. Bd4 b4 18. axb4 Nxb4 19. Bb1 {1-0 (34) Stocek,J (2560)-Kislinsky,A (2481) Ostrava 2017}) 14. Nd4 Ba6 15. Ndxb5 {And now Nd4 would win.} Nxe4 $146 ({Predecessor:} 15... Bxb5 16. Nxb5 Nxe4 17. O-O Na6 18. Bd4 Qd7 19. Bxg7 Kxg7 {1-0 (43) Van Beek,A (2312)-Van der Plas,R (2209) Amsterdam 2005}) 16. Bxe4 {Hoping for Nd4.} Bxb5 $1 17. Nxb5 {Strongly threatening Bf3.} Rxe4 18. Qd2 Nd7 {[%cal Bb8d7,Bd7e5,Be5d3][%mdl 32]} 19. O-O Ne5 20. Bxh6 (20. a4 $11 {remains equal.}) 20... Bxh6 (20... Nf3+ $1 $17 21. gxf3 Bxh6 22. Qxh6 Rh4) 21. Qxh6 $11 Rb8 22. a4 Nd3 23. f4 Qb6+ (23... Qf6 $11 {keeps the balance.}) 24. Kh2 Qe3 (24... Qd8 $142) 25. Rf3 $1 $16 {[%cal Rf3e3]} Qd2 26. Rg1 (26. Nxd6 $6 Rxb2 27. Rg3 (27. Rg1 Ne5 $11) 27... Qxf4 $14) (26. Raf1 $142 $1) 26... Re5 ({Better is} 26... Re2) 27. Qh4 $1 (27. Nxd6 $2 Rh5 $19) 27... Rxd5 {[#]} (27... Re4 $16 28. Nxd6 Rxf4 29. Rxf4 (29. Nxc4 Rxh4 30. Nxd2 Rd4 $16) 29... Qxf4+ 30. Qxf4 Nxf4) 28. f5 $1 $18 Ne5 29. Rf2 Qe3 {[#] next ...g5 is good for Black.} 30. f6 $2 (30. Rgf1 $1 $18) 30... Nd3 $36 {[%mdl 2048] Black fights for an advantage.} 31. Rf3 Qg5 32. Qxg5 $1 ({Don't blunder} 32. Qxc4 $2 Ne5 $19) 32... Rxg5 33. Nxd6 Nxb2 34. Rb1 Rd8 35. Rxb2 Rxd6 {[%mdl 4096] Endgame KRR-KRR} 36. Rb8+ Kh7 37. Rb7 Kg8 38. Rb8+ Kh7 39. Rf8 Rd2 40. Rxf7+ Kh6 41. Rg3 Rxg3 42. Kxg3 $14 {KR-KR} Kg5 43. h4+ Kf5 44. Rc7 {Threatens to win with f7.} Rd3+ 45. Kh2 {Black must now prevent f7.} Kxf6 46. Rxc4 Rb3 47. Rg4 Ra3 48. g3 Ra1 49. Kh3 Rh1+ 50. Kg2 Ra1 51. Rc4 (51. Kf2 $16) 51... Ra3 52. Kh3 Kg7 53. Kg4 Kh6 54. Kf4 Ra1 (54... Rd3 $14) 55. Ke5 $16 Re1+ 56. Kd6 g5 $2 (56... Rb1 57. Rc5 Rb3) 57. Kc6 (57. hxg5+ $142 Kxg5 58. Rc5+ Kg4 59. Rxa5) 57... Rb1 $2 (57... gxh4 58. Rxh4+ (58. gxh4 Re2 $16) 58... Kg6) 58. hxg5+ $18 Kxg5 59. Rc5+ Kg4 60. Rxa5 Ra1 61. Ra8 Kxg3 62. a5 Kf4 63. a6 Rc1+ 64. Kd5 Rd1+ 65. Kc4 Rc1+ 66. Kb4 Rc7 67. a7 $2 (67. Kb5 {mates} Rf7 68. a7 Rf5+ 69. Kb6 Rf6+ 70. Kb7 Rf7+ 71. Kc6 Kf5 72. Kc5) 67... Rf7 68. Kc5 Kf5 69. Kd5 Rd7+ 70. Kc6 Rf7 71. Kc5 Kf4 72. Kb6 Rf6+ 73. Kc7 Rf7+ 74. Kb6 Rf6+ 75. Kc5 $1 Rf7 76. Kd4 Rd7+ 77. Kc3 {Threatening mate with Rf8+.} Rf7 78. Kd2 Kf3 79. Kd3 Kf4 80. Ke2 Re7+ 81. Kf1 {Rf8+ would kill now.} Ke3 82. Kg2 Ke2 83. Kh3 ({White should try} 83. Kg3 $11 Ke3 84. Kh4) 83... Ke3 $16 84. Kg3 {Kg2 is the strong threat.White is clearly better.} Ke4 85. Kg4 {aiming for Kg3.} Rg7+ 86. Kh5 {White wants to mate with Re8+.} Kf4 $2 {[%mdl 32768] Precision: White = 65%, Black = 51%. . An unexpected result.} (86... Re7 $18 87. Kg5 Ke5) 1/2-1/2

[Event "CZE-tht Extraliga 2018-19"]
[Site "Czech Republic"]
[Date "2018.12.02"]
[Round "4"]
[White "Repka, Christopher"]
[Black "Szotkowski, Jakub"]
[Result "1-0"]
[WhiteElo "2499"]
[BlackElo "2357"]
[Annotator "RC"]
[PlyCount "95"]
[EventDate "2018.11.03"]
[EventType "team-tourn"]
[EventCountry "CZE"]
[SourceTitle "playchess.com"]
[Source "ChessBase"]
[SourceQuality "1"]
[WhiteTeam "Pardubice"]
[BlackTeam "Beskydska"]
[TimeControl "40/5400+30:1800+30"]

1. d4 {[%emt 0:00:00]} Nf6 {[%emt 0:00:00]} 2. c4 {[%emt 0:00:00]} c5 {[%emt 0:00:00]} 3. d5 {[%emt 0:00:00]} b5 {[%emt 0:00:05]} 4. Nf3 {[%emt 0:00:03]} bxc4 {[%emt 0:00:34]} 5. Nc3 {[%emt 0:00:10]} d6 {[%emt 0:00:10]} 6. e4 {[%emt 0:00:09]} g6 {[%emt 0:00:23]} 7. Nd2 {[%emt 0:02:24]} Bg7 {[%emt 0:00:24]} 8. Be2 {[%emt 0:00:05]} O-O {[%emt 0:00:16]} 9. O-O {[%emt 0:00:04]} Ba6 {[%emt 0:10:05]} 10. Nxc4 {[%emt 0:06:16]} Nbd7 {[%emt 0:02:10]} 11. Bf4 {[%emt 0:02:06]} Nh5 {[%emt 0:11:03]} 12. Bg5 {[%emt 0:02:30]} Bxc4 {[%emt 0:06:07]} 13. Bxc4 {[%emt 0:00:07]} Rb8 {[%emt 0:00:37]} 14. Qd2 {[%emt 0:00:58]} Rb4 {[%emt 0:05:29]} 15. Be2 {[%emt 0:00:59]} Nhf6 {[%emt 0:02:55]} 16. f3 {[%emt 0:00:05]} Qb8 {[%emt 0:01:56]} 17. Rab1 {[%emt 0:01:29]} Re8 {[%emt 0:04:24]} 18. a3 {[%emt 0:00:25]} Rb7 {[%emt 0:02:30]} 19. Ba6 {[%emt 0:07:25]} Rb6 {[%emt 0:01:40]} 20. Qe2 {[%emt 0:00:13]} e6 {[%emt 0:07:11]} 21. dxe6 {[%emt 0:01:30]} fxe6 {[%emt 0:00:15]} 22. Bb5 {[%emt 0:07:40]} Qb7 {[%emt 0:08:39]} 23. Rfd1 {[%emt 0:03:51]} a6 {[%emt 0:03:16]} 24. Bc4 {[%emt 0:04:49]} Kh8 {[%emt 0:01:00]} 25. Qd2 {[%emt 0:04:09]} Ne5 {[%emt 0:01:31]} 26. Be2 {[%emt 0:00:33]} Nfd7 {[%emt 0:06:10]} 27. Be3 {[%emt 0:01:38]} Qc6 {[%emt 0:09:03]} 28. f4 {[%emt 0:01:37]} Nf7 {[%emt 0:00:24]} 29. Bf3 {[%emt 0:00:04]} g5 {[%emt 0:07:51]} 30. e5 {[%emt 0:12:55]} Qc7 {[%emt 0:00:11]} 31. g3 {[%emt 0:20:20]} gxf4 {[%emt 0:00:17]} 32. gxf4 {[%emt 0:00:03]} Rg8 {[%emt 0:00:56]} 33. Kh1 {[%emt 0:00:38]} d5 34. Nxd5 {[%emt 0:02:35]} exd5 {[%emt 0:02:45]} 35. Qxd5 {[%emt 0:00:05]} Ndxe5 {[%emt 0:03:15]} 36. fxe5 {[%emt 0:01:35]} Nxe5 {[%emt 0:00:10]} 37. Bf4 {[%emt 0:02:43]} Rf8 {[%emt 0:02:51]} 38. Bg3 {[%emt 0:00:06]} Qe7 {[%emt 0:01:50]} 39. Re1 {[%emt 0:03:10]} Qf6 {[%emt 0:00:09]} 40. Be4 {[%emt 0:08:48]} Ng4 {[%emt 0:00:26]} 41. Qh5 {[%emt 0:34:01]} Nh6 {[%emt 0:01:33]} 42. Rbd1 {[%emt 0:00:00]} Re6 {[%emt 0:04:54]} 43. b3 {[%emt 0:00:00]} Rfe8 {[%emt 0:08:46]} 44. Rf1 {[%emt 0:00:00]} Qe7 {[%emt 0:02:41]} 45. Bd5 {[%emt 0:00:00]} Re2 {[%emt 0:01:25]} 46. Rde1 {[%emt 0:00:00]} Bc3 {[%emt 0:02:27]} 47. Qxh6 {[%emt 0:00:00]} Bxe1 {[%emt 0:07:10]} 48. Rf7 {[%emt 0:00:00]} 1-0

[Event "CZE-tht Extraliga 2018-19"]
[Site "Czech Republic"]
[Date "2018.12.02"]
[Round "4"]
[White "Ponizil, Cyril"]
[Black "Velicka, Petr"]
[Result "1-0"]
[WhiteElo "2491"]
[BlackElo "2434"]
[Annotator "TA"]
[PlyCount "71"]
[EventDate "2018.11.03"]
[EventType "team-tourn"]
[EventCountry "CZE"]
[SourceTitle "playchess.com"]
[Source "ChessBase"]
[SourceQuality "1"]
[WhiteTeam "Duras"]
[BlackTeam "Ostrava"]

{[%evp 28,71,14,39,56,45,63,62,176,79,114,102,114,108,109,110,112,116,110,83,86,95,127,108,99,102,96,85,87,87,98,91,93,85,98,99,156,150,165,162,156,150,581,568,29988,29985]} 1. e4 e5 2. Nf3 Nc6 3. Bb5 Nf6 4. d3 Bc5 5. c3 O-O 6. O-O d6 7. Nbd2 a6 8. Ba4 Ba7 9. h3 Ne7 10. Re1 Ng6 11. Nf1 h6 12. d4 b5 13. Bc2 Re8 14. a4 Bb7 15. Ng3 {[#] LiveBook: 31 Games} Qb8 $146 {C54: Giuoco Piano: 4 c3 Nf6, main lines with 5 d4 and 5 d3} ({Predecessor:} 15... exd4 16. cxd4 c5 17. d5 c4 18. Nf5 b4 19. Bd2 Ne7 20. Ne3 b3 21. Bb1 Rc8 22. Bc3 Ng6 23. Nd2 {1-0 (74) Vocaturo,D (2616)-Gozzoli,Y (2598) Le Castella 2018}) 16. Be3 exd4 17. Bxd4 Nd7 (17... Ne5 $14) 18. Nf5 (18. Bxg7 $18 Kxg7 19. Nf5+ Kg8 20. Qd2) 18... Nde5 19. Nxe5 dxe5 20. Bxa7 Qxa7 21. axb5 Qb6 22. bxa6 Bxa6 23. b3 Rad8 {[#]} 24. Qf3 $1 Bc8 25. Ne3 Be6 26. Nd5 Qb7 27. Rad1 c6 28. Ne3 Qa7 29. Rxd8 Rxd8 30. Rd1 Rb8 31. Kh2 Bxb3 ({Black should try} 31... Qa5) 32. Bxb3 $16 Rxb3 33. Rd8+ Kh7 {[#]} 34. Qf5 $1 {And now Rf8 would win.} Rxc3 $2 (34... Rb8 $16 {is a better chance.} 35. Rxb8 Qxb8) 35. Rd7 $18 {[%mdl 64] Double Attack} Qa2 {[#]} 36. Nd5 $1 {[%mdl 512] Accuracy: White = 63%, Black = 24%.} 1-0

[Event "CZE-tht Extraliga 2018-19"]
[Site "Czech Republic"]
[Date "2018.12.02"]
[Round "4"]
[White "Dragnev, Valentin"]
[Black "Kociscak, Jiri"]
[Result "0-1"]
[WhiteElo "2483"]
[BlackElo "2484"]
[Annotator "TA"]
[PlyCount "74"]
[EventDate "2018.11.03"]
[EventType "team-tourn"]
[EventCountry "CZE"]
[SourceTitle "playchess.com"]
[Source "ChessBase"]
[SourceQuality "1"]
[WhiteTeam "Duras"]
[BlackTeam "Ostrava"]

{[%evp 17,74,29,52,45,65,72,73,68,79,60,77,40,22,15,53,28,49,44,66,58,61,59,96,80,77,0,0,0,-6,0,0,-58,-13,-96,-73,-93,-98,-275,-261,-334,-338,-343,-327,-751,-695,-1300,-1279,-29959,-29960,-12849,-29948,-5581,-5581,-5078,-1685,-29988,-29989,-29993,-29994]} 1. d4 d5 2. c4 e6 3. Nf3 c5 4. cxd5 exd5 5. g3 Nc6 6. Bg2 Nf6 7. O-O Be7 8. dxc5 Bxc5 9. a3 a6 {LiveBook: 23 Games. D30: Queen's Gambit Declined: Systems without Nc3} 10. Nc3 d4 11. Na4 Ba7 {White is better.} 12. b4 O-O 13. Bb2 Ne4 {[#]} 14. Nd2 $146 ({Predecessor:} 14. Rc1 Bg4 15. h3 Bh5 16. Nc5 Bxc5 17. bxc5 Bxf3 18. Bxf3 {1-0 (31) Romanov,E (2595)-Berzinsh,R (2392) Riga 2012}) 14... Ng5 15. h4 Ne6 16. Nb3 f5 17. Nbc5 Kh8 18. f4 Qe7 19. Rc1 Re8 20. Kh2 h6 21. Re1 (21. Qd2 $16) 21... Nxf4 $1 $11 22. gxf4 Qxh4+ 23. Kg1 {And now Qd2 would win.} Qxf4 24. Rf1 (24. e3 $1 $11 Rxe3 25. Qh5) 24... Qg5 $1 $15 25. Nd3 {[#]} (25. Rf2 $11 {remains equal.}) 25... Be6 $1 $17 26. Nf4 Bb8 27. e3 $2 (27. Nxe6 $17 {is the only way for White.} Qe3+ 28. Kh1) 27... dxe3 $19 28. Nxe6 Rxe6 29. Qe2 ({Wrong is} 29. Qd5 $2 {[#]} Qh4 $1 $19 {[%mdl 512]}) 29... Bg3 ({Weaker is} 29... Qg3 30. Rf3 $11) 30. Rf3 $2 (30. Rcd1) 30... Rd8 31. Rxg3 Qxg3 32. Bc3 Nd4 33. Bxd4 Rxd4 34. Qf3 Qg5 35. Nc5 Rg6 (35... e2 $142 36. Re1 Re3) 36. Re1 Rf4 37. Qxb7 Rf2 {Accuracy: White = 32%, Black = 76%.} 0-1

[Event "CZE-tht Extraliga 2018-19"]
[Site "Czech Republic"]
[Date "2018.12.02"]
[Round "4"]
[White "Simacek, Pavel"]
[Black "Mroziak, Maciej"]
[Result "1/2-1/2"]
[WhiteElo "2478"]
[BlackElo "2378"]
[Annotator "TA"]
[PlyCount "68"]
[EventDate "2018.11.03"]
[EventType "team-tourn"]
[EventCountry "CZE"]
[SourceTitle "playchess.com"]
[Source "ChessBase"]
[SourceQuality "1"]
[WhiteTeam "Turnov"]
[BlackTeam "Cesky Tesin"]

{[%evp 30,68,0,0,0,0,0,0,0,0,0,0,0,-88,-30,-51,-33,-44,-40,-101,-45,-48,-47,-45,-33,-39,-40,-30,-16,-16,0,0,0,0,4,0,7,0,0,0,7]} 1. e4 c6 2. d4 d5 3. Nc3 dxe4 4. Nxe4 Bf5 5. Ng3 Bg6 6. h4 h6 7. Nf3 Nd7 8. h5 Bh7 9. Bd3 Bxd3 10. Qxd3 e6 11. Bf4 Qa5+ {B19: Classical Caro-Kann: 4...Bf5 main line} 12. Bd2 Bb4 13. Ne4 Ngf6 14. Nd6+ Ke7 15. Nxb7 Bxd2+ 16. Nxd2 {LiveBook: 30 Games} Qb4 17. Qb3 Qxd4 18. O-O-O Rab8 19. Qa3+ {[#]} c5 $146 20. Na5 Rhc8 21. Nf3 (21. Ndc4 $11 Qxf2 22. Rdf1 (22. Rhf1 Qxg2 23. Rg1 Qh2 $15)) 21... Qb4 (21... Qxf2 $17 22. Nc4 (22. Qd3 Qg3 $17) 22... Qg3) 22. Qxb4 cxb4 23. Nd4 {[#] Hoping for Ndc6+.} Rb6 24. Nab3 (24. Rh4 $15) 24... Nc5 (24... Kf8 $17) 25. f3 $1 $15 Nb7 26. g4 a5 {[%cal Ba7a5,Ba5a4][%mdl 32]} 27. Rhe1 a4 28. Nd2 Nd6 29. Nf1 $1 {The position is equal.} b3 30. axb3 axb3 31. c3 Nc4 {...Ra8 is the strong threat.} 32. Nd2 Na5 33. Nb1 Nc4 34. Nd2 Na5 {Accuracy: White = 70%, Black = 44%.} 1/2-1/2